Islas revelando islas - Estadísticas

Estadísticas generales
  • Esta prueba ha sido intentada 4.599 veces
  • La puntuación promedio es 15 de 34
Respuestas en el mapa
Las respuestas están codificadas por una escala verde-roja en el mapa de la prueba según el % correcto abajo.
 
Estadísticas de respuestas
respuesta % Correcto
Chipre
95%
Cuba
93%
Islandia
92%
Irlanda
90%
Madagascar
89%
Sri Lanka
87%
Groenlandia
84%
Gran Bretaña
73%
Taiwán
69%
Jamaica
67%
Sicilia
63%
La Española
55%
Cerdeña
54%
Córcega
52%
Malta
52%
Kalimantan
43%
Mallorca
42%
Creta
40%
Java
37%
Nueva Guinea
34%
Hokkaido
30%
Sumatra
30%
Honshu
26%
Trinidad
23%
Luzón
22%
Baffin
18%
Sulawesi
18%
Sajalín
12%
Kyushu
10%
Aruba
7%
Martinica
7%
Rodas
6%
Mayotte
5%
Anglesey
2%
No se encontraron pruebas coincidentes
Distribución de puntuación
Porcentaje de gente con cada puntuación
Porcentaje por número respondido
Historial de tus puntuaciones
No has intentado esta prueba.